Cómo el hombre llegó a ser imagen y semejanza de Dios (Record no. 897240)
[ view plain ]
| 000 -CABECERA | |
|---|---|
| Campo de control de longitud fija | 00477nab a22001457 4500 |
| 003 - IDENTIFICADOR DEL NÚMERO DE CONTROL | |
| Campo de control | ES-SlBCS |
| 005 - FECHA Y HORA DE LA ÚLTIMA TRANSACCIÓN | |
| Campo de control | 20240726170649.0 |
| 008 - CÓDIGOS DE INFORMACIÓN DE LONGITUD FIJA | |
| Campo de control de longitud fija | 240726s2023 sp ||||| |||| 00| 0 spa d |
| 040 ## - FUENTE DE LA CATALOGACIÓN | |
| Centro catalogador del origen | ES-SlBCS |
| Lengua de catalogación | spa |
| 041 ## - CÓDIGO DE LENGUA | |
| Código de lengua del texto/banda sonora o título independiente | spa |
| 100 1# - PUNTO DE ACCESO PRINCIPAL-NOMBRE DE PERSONA | |
| 9 (RLIN) | 109128 |
| Nombre de persona | Schmid, Konrad |
| Fechas asociadas al nombre | (1965-....) |
| 245 10 - MENCIÓN DE TÍTULO | |
| Título | Cómo el hombre llegó a ser imagen y semejanza de Dios |
| Mención de responsabilidad, etc. | Konrad Schmid |
| 773 0# - ENLACE AL DOCUMENTO FUENTE | |
| Parte(s) relacionada(s) | Vol. 62, núm. 248, 2023, págs. 282-296 |
| Título | Selecciones de Teología |
| Número de control del registro relacionado | Rev424 |
| Número Internacional Normalizado para Publicaciones Seriadas (ISSN) | 0037-119X |
| 942 ## - ENTRADA DE ELEMENTOS AGREGADOS (KOHA) | |
| Fuente de clasificaión o esquema | |
| Koha [por defecto] tipo de item | Artículos de revista |
| Suprimido | Perdido | Fuente de clasificación o esquema | Estropeado | No para préstamo | Localización permanente | Localización actual | Fecha adquisición | Préstamos totales | Fecha última consulta | Fecha del precio de reemplazo | Tipo de item de Koha |
|---|---|---|---|---|---|---|---|---|---|---|---|
| San Esteban | San Esteban | 26/07/2024 | 26/07/2024 | 26/07/2024 | Artículos de revista |
